书目信息 |
| 题名: |
高等师范学校学生的教师职业技能训练大纲(试行)
|
|
| 作者: | ;国家教育委员会制订 | |
| 分册: | ||
| 出版信息: | 北京 北京师范大学出版社 1994.06 |
|
| 页数: | 29页 | |
| 开本: | 19cm | |
| 丛书名: | ||
| 单 册: | ||
| 中图分类: | G658.3 , G4 | |
| 科图分类: | ||
| 主题词: | 教育--教育 | |
| 电子资源: | ||
| ISBN: | 7-303-03685-7 | |
| 000 | 00704nam0 2200193 45 | |
| 001 | 1560699349 | |
| 005 | 20150204165210.10 | |
| 010 | @a7-303-03685-7@dCNY1.80 | |
| 100 | @a20040429d1994 km y0chiy0120 ea | |
| 101 | 0 | @achi |
| 200 | 1 | @a高等师范学校学生的教师职业技能训练大纲(试行)@AGao Deng Shi Fan Xue Xiao Xue Sheng De Jiao Shi Zhi Ye Ji Neng Xun Lian Da Gang(Shi Xing)@f国家教育委员会制订@FGuo Jia Jiao Yu Wei Yuan Hui Zhi Ding |
| 210 | @a北京@c北京师范大学出版社@d1994.06 | |
| 215 | @a29页@d19cm | |
| 606 | 0 | @a教育@a教育 |
| 690 | @aG658.3@v3 | |
| 690 | @aG4@v4 | |
| 711 | 02 | @a国家教育委员会制订@AGuo Jia Jiao Yu Wei Yuan Hui Zhi Ding |
| 801 | @aCN@bTSTCL@c20040429 | |
| 905 | @f3@b268336-338@dG4@eJY29 | |
| 高等师范学校学生的教师职业技能训练大纲(试行)/国家教育委员会制订.-北京:北京师范大学出版社,1994.06 |
| 29页;19cm |
| ISBN 7-303-03685-7:CNY1.80 |
| ● |
| 相关链接 |
|
|
|
|
正题名:高等师范学校学生的教师职业技能训练大纲(试行)
索取号:G4/JY29
 
预约/预借
| 序号 | 登录号 | 条形码 | 馆藏地/架位号 | 状态 | 备注 |
| 1 | 7865571 | 278655714 | 学院路分馆/ [索取号:G4/JY29] | 在馆 |